000 00205 a2200097 4500
001 22664
100 _aCotton, H
245 _aapplied Electricity
260 _a
_bCleaver-Hum
_c1962
090 _c15314
_d15314
942 _aNUST-CAE
_cM
_c5908
999 _c257737
_d257737